Drummer Hoff / Adapted by Barbara Emberley. ... Read More
Available copies
- 4 of 5 copies available at LARL/NWRL Consortium.
- 2 of 3 copies available at Lake Agassiz Regional Library. (Show preferred library)
Current holds
0 current holds with 5 total copies.
View other formats and editions
Show Only Available Copies
| Location | Call Number / Copy Notes | Barcode | Shelving Location | Status | Due Date |
|---|---|---|---|---|---|
| Crookston Public Library | E E (Text) | 33500008856098 | Main | Available | - |
| Fertile Public Library | E E (Text) | 33500008856080 | Main | Available | - |
| Moorhead Public Library | E E (Text) | 33500008856106 | Main | Checked out | 06/04/2026 |
| Hallock Public Library | e EMB (Text) | 35500001180668 | Main | Available | - |
| Red Lake Falls Public Library | e EMB (Text) | 35500006753618 | Main | Available | - |
Record details
- ISBN: 067166249X
- ISBN: 9780671662486
- Physical Description: [32] p. col. illus. 20 x 27 cm.
- Publisher: Englewood Cliffs, N.J., Prentice-Hall 1967
Content descriptions
| General Note: | Adapted from a folk verse. |
| Summary, etc.: | A cumulative folk song in which seven soldiers ... Read More |
Search for related items by subject
| Subject: | Folk songs |
| LDR | 01636cam a2200337 4500 | ||
|---|---|---|---|
| 001 | 1539 | ||
| 003 | LARL_NWRL_CONSORTIUM | ||
| 005 | 20240110165836.0 | ||
| 008 | 740518s1967 njua j 000 0 eng | ||
| 010 | . | ‡a67-028189 /AC/r81 | |
| 020 | . | ‡a067166249X | |
| 020 | . | ‡a9780671662486 | |
| 035 | . | ‡a(OCoLC)305920 | |
| 040 | . | ‡aDLC ‡cDLC ‡dm.c. ‡dKRL | |
| 082 | 0 | . | ‡a[784.4] ‡219 |
| 092 | . | ‡aE | |
| 092 | . | ‡aEASY | |
| 100 | 1 | . | ‡aEmberley, Barbara. ‡0(LARL_NWRL_CONSORTIUM)46959 |
| 245 | 1 | 0. | ‡aDrummer Hoff / ‡cAdapted by Barbara Emberley. Illustrated by Ed Emberley. |
| 260 | . | ‡aEnglewood Cliffs, N.J., ‡bPrentice-Hall ‡c1967 | |
| 300 | . | ‡a[32] p. ‡bcol. illus. ‡c20 x 27 cm. | |
| 500 | . | ‡aAdapted from a folk verse. | |
| 520 | . | ‡aA cumulative folk song in which seven soldiers build a magnificent cannon, but Drummer Hoff fires it off. | |
| 650 | 0. | ‡aFolk songs ‡0(LARL_NWRL_CONSORTIUM)20451 | |
| 901 | . | ‡a1539 ‡bOCLC ‡c1539 ‡tbiblio | |

Add to basket
Permalink
Enable Highlighting